[Event "SLO-CupT"]
[Site "Portoroz"]
[Date "2016.03.13"]
[Round "4"]
[White "Ceh Breznik, Lovro"]
[Black "Suc, Timothy"]
[Result "0-1"]
[WhiteElo "1420"]
[BlackElo "2025"]
[PlyCount "80"]
[EventDate "2016.03.11"]
[EventType "team-swiss"]
[EventRounds "5"]
[EventCountry "SLO"]
[SourceTitle "EXT 2019"]
[Source "ChessBase"]
[SourceDate "2018.10.10"]
[SourceVersion "1"]
[SourceVersionDate "2018.10.10"]
[SourceQuality "1"]
[WhiteTeam "Zalec"]
[BlackTeam "Piran"]
[WhiteTeamCountry "SLO"]
[BlackTeamCountry "SLO"]

1. d4 d5 2. Nf3 Nf6 3. e3 c6 4. Bd3 Bg4 5. h3 Bxf3 6. Qxf3 Nbd7 7. Nd2 e5 8. Qd1 e4 9. Be2 Bd6 10. c4 0-0 11. 0-0 Re8 12. Nb3 Nf8 13. f3 exf3 14. Rxf3 Ng6 15. Qe1 Ne4 16. Bd3 Nh4 17. Bxe4 dxe4 18. Rf1 Qg5 19. Qe2 Qg3 20. Qg4 Nf3+ 21. Rxf3 Qh2+ 22. Kf2 exf3 23. Qxf3 Re6 24. Ke2 Rg6 25. Bd2 Rxg2+ 26. Kd3 Rg3 27. Qf5 Qxh3 28. Qe4 Rg4 29. Rh1 Rxe4 30. Rxh3 Rae8 31. Na5 R4e7 32. Rh1 g6 33. Re1 f5 34. d5 cxd5 35. cxd5 Bc5 36. Nc4 Rd8 37. d6 Bxd6 38. Nxd6 Rxd6+ 39. Ke2 f4 40. Kf2 Rxd2+ 0-1

[Event "SLO-chT U20"]
[Site "Otocec"]
[Date "2015.08.28"]
[Round "7"]
[White "Ceh Breznik, Lovro"]
[Black "Cop, Jaka"]
[Result "0-1"]
[WhiteElo "1405"]
[BlackElo "1786"]
[PlyCount "40"]
[EventDate "2015.08.24"]
[EventType "team-tourn"]
[EventRounds "7"]
[EventCountry "SLO"]
[SourceTitle "EXT 2019"]
[Source "ChessBase"]
[SourceDate "2018.10.10"]
[SourceVersion "1"]
[SourceVersionDate "2018.10.10"]
[SourceQuality "1"]

1. d4 Nf6 2. c4 e6 3. Nc3 Bb4 4. Bg5 c5 5. Qc2 cxd4 6. a3 Qa5 7. Rc1 Qxg5 8. axb4 dxc3 9. Qxc3 Qf4 10. e3 Qc7 11. Bd3 b6 12. Nf3 Bb7 13. b3 0-0 14. h4 a5 15. b5 Qc5 16. Ke2 Qb4 17. Qd4 d6 18. Qxb6 Bxf3+ 19. gxf3 Qc5 20. Qb7 Ra7 0-1

[Event "SLO-chT U16"]
[Site "Debeli Rtic"]
[Date "2015.05.16"]
[Round "3"]
[White "Acimovic, Sergej"]
[Black "Ceh Breznik, Lovro"]
[Result "1-0"]
[WhiteElo "1487"]
[BlackElo "1435"]
[PlyCount "87"]
[EventDate "2015.05.15"]
[EventType "swiss"]
[EventRounds "6"]
[EventCountry "SLO"]
[SourceTitle "EXT 2023"]
[Source "ChessBase"]
[SourceDate "2022.10.05"]
[SourceVersion "1"]
[SourceVersionDate "2022.10.05"]
[SourceQuality "1"]

1. d4 d5 2. c4 c6 3. Nf3 Nf6 4. Qb3 Nbd7 5. Nc3 dxc4 6. Qxc4 Nb6 7. Qd3 Bg4 8. Ne5 Be6 9. Bf4 g6 10. e4 Bg7 11. Be2 Nfd7 12. Nf3 Nf6 13. b3 0-0 14. 0-0 Bg4 15. Rad1 Bxf3 16. Bxf3 e6 17. Bg5 Qd7 18. b4 Ne8 19. d5 e5 20. dxc6 Qxd3 21. Rxd3 bxc6 22. Be7 f6 23. Bxf8 Kxf8 24. Rfd1 Ke7 25. b5 Rc8 26. bxc6 Rxc6 27. Nd5+ Nxd5 28. Rxd5 Nd6 29. Be2 Bh6 30. f3 Be3+ 31. Kh1 Bd4 32. Ra5 Nc4 33. Bxc4 Rxc4 34. h3 Kf7 35. Rb5 Kg7 36. Rb7+ Kh6 37. Kh2 Bf2 38. Rd2 Be1 39. Re2 Rc1 40. Rxa7 f5 41. g3 Kg5 42. Rxh7 f4 43. g4 Bg3+ 44. Kg2 1-0

[Event "SLO-chT U16"]
[Site "Debeli Rtic"]
[Date "2015.05.16"]
[Round "4"]
[White "Ceh Breznik, Lovro"]
[Black "Majcen, Maja"]
[Result "1/2-1/2"]
[WhiteElo "1435"]
[BlackElo "1291"]
[PlyCount "70"]
[EventDate "2015.05.15"]
[EventType "swiss"]
[EventRounds "6"]
[EventCountry "SLO"]
[SourceTitle "EXT 2023"]
[Source "ChessBase"]
[SourceDate "2022.10.05"]
[SourceVersion "1"]
[SourceVersionDate "2022.10.05"]
[SourceQuality "1"]

1. d4 d5 2. Nf3 Nf6 3. c4 e6 4. Nc3 c6 5. Bg5 Be7 6. e3 Nbd7 7. Bd3 0-0 8. 0-0 h6 9. Bh4 a5 10. a4 Re8 11. Qc2 b6 12. Rfc1 Ba6 13. cxd5 Bxd3 14. Qxd3 exd5 15. Ne2 Rc8 16. Rc2 Ne4 17. Bxe7 Qxe7 18. Nd2 Nxd2 19. Qxd2 Nf6 20. Ng3 Ne4 21. Qd3 Nxg3 22. hxg3 Qd6 23. Rac1 Re6 24. Qa6 Qb8 25. Rc3 Rc7 26. Rb3 Rb7 27. Rbc3 Rc7 28. Qd3 Qb7 29. b3 g6 30. Qc2 Kg7 31. Qd3 Kh7 32. Qc2 Kg7 33. Qd3 Kh7 34. Qc2 Kg7 35. Qd3 Kh7 1/2-1/2

[Event "SLO-chT U16"]
[Site "Debeli Rtic"]
[Date "2015.05.15"]
[Round "2"]
[White "Ceh Breznik, Lovro"]
[Black "Mlakar, Matej"]
[Result "1/2-1/2"]
[WhiteElo "1435"]
[BlackElo "1405"]
[PlyCount "94"]
[EventDate "2015.05.15"]
[EventType "swiss"]
[EventRounds "6"]
[EventCountry "SLO"]
[SourceTitle "EXT 2023"]
[Source "ChessBase"]
[SourceDate "2022.10.05"]
[SourceVersion "1"]
[SourceVersionDate "2022.10.05"]
[SourceQuality "1"]

1. d4 d5 2. c4 e6 3. Nc3 Nf6 4. Bg5 Nbd7 5. cxd5 exd5 6. Nxd5 Nxd5 7. Bxd8 Bb4+ 8. Qd2 Bxd2+ 9. Kxd2 Kxd8 10. e4 Ne7 11. Nf3 Nf6 12. e5 Nfd5 13. Rc1 h6 14. Bd3 Bf5 15. Rhe1 Bxd3 16. Kxd3 c6 17. Nd2 Nf4+ 18. Ke4 Ne6 19. Nc4 Nc8 20. Red1 Nc7 21. Na5 Nd5 22. Nxb7+ Kc7 23. Na5 Nce7 24. Rc5 Rab8 25. Rdc1 Rb6 26. f4 Rhb8 27. f5 Kd7 28. Nxc6 Rxc6 29. Rxc6 Nxc6 30. Kxd5 Nb4+ 31. Ke4 Nxa2 32. Rc2 Nb4 33. Rd2 Rc8 34. g4 Ke7 35. h4 f6 36. e6 Kd6 37. Re2 Rc4 38. Re3 Nc2 39. Rd3 Rb4 40. e7 Kxe7 41. b3 Kd6 42. Rd2 Na1 43. Ra2 Nxb3 44. Rxa7 Rxd4+ 45. Kf3 Rd3+ 46. Kf4 Rd4+ 47. Kf3 Rd3+ 1/2-1/2

[Event "SLO-chT U16"]
[Site "Debeli Rtic"]
[Date "2015.05.15"]
[Round "1"]
[White "Pridigar, Lovro"]
[Black "Ceh Breznik, Lovro"]
[Result "1-0"]
[WhiteElo "1899"]
[BlackElo "1435"]
[PlyCount "58"]
[EventDate "2015.05.15"]
[EventType "swiss"]
[EventRounds "6"]
[EventCountry "SLO"]
[SourceTitle "EXT 2023"]
[Source "ChessBase"]
[SourceDate "2022.10.05"]
[SourceVersion "1"]
[SourceVersionDate "2022.10.05"]
[SourceQuality "1"]

1. d4 d5 2. c4 c6 3. Nf3 Bf5 4. Nc3 Nf6 5. e3 e6 6. Qb3 Qc7 7. cxd5 exd5 8. Bd2 Nbd7 9. Rc1 Qb6 10. Qxb6 Nxb6 11. Ne5 Bd6 12. f4 0-0 13. h3 Bxe5 14. dxe5 Ne4 15. g4 Nxd2 16. gxf5 Ndc4 17. Nd1 f6 18. b3 Na3 19. e6 a6 20. Rg1 Nb5 21. Rc2 Rae8 22. Rcg2 Re7 23. Bd3 Nd6 24. Nc3 Kh8 25. Ne2 Rg8 26. Ng3 Nb5 27. Nh5 Nd6 28. Nxf6 Rf8 29. Nxh7 Rfe8 1-0

[Event "SLO-ch U14"]
[Site "Bled"]
[Date "2015.02.25"]
[Round "7"]
[White "Ceh Breznik, Lovro"]
[Black "Bajo, Tin"]
[Result "1/2-1/2"]
[WhiteElo "1431"]
[BlackElo "1598"]
[PlyCount "101"]
[EventDate "2015.02.21"]
[EventType "swiss"]
[EventRounds "9"]
[EventCountry "SLO"]
[SourceTitle "EXT 2023"]
[Source "ChessBase"]
[SourceDate "2022.10.05"]
[SourceVersion "1"]
[SourceVersionDate "2022.10.05"]
[SourceQuality "1"]

1. d4 d5 2. c4 e6 3. Nf3 Nf6 4. Bf4 Be7 5. e3 0-0 6. Nc3 c5 7. dxc5 Bxc5 8. cxd5 Nxd5 9. Nxd5 exd5 10. a3 Bg4 11. Be2 Nc6 12. 0-0 Re8 13. Rc1 Bd6 14. Bxd6 Qxd6 15. Qb3 b6 16. Rfd1 Red8 17. h3 Bh5 18. Qc3 Rac8 19. Qd3 Bg6 20. Qb3 Be4 21. Rc3 Na5 22. Qb4 Qxb4 23. axb4 Nb7 24. Ba6 Bxf3 25. gxf3 Rxc3 26. bxc3 Rd7 27. Bxb7 Rxb7 28. Rxd5 g6 29. c4 Rc7 30. Rd4 a5 31. bxa5 bxa5 32. Rd8+ Kg7 33. Ra8 Rxc4 34. Rxa5 Rc6 35. Kg2 h5 36. f4 Rc4 37. Rd5 Ra4 38. Rd4 Ra3 39. e4 Ra5 40. h4 Kf6 41. Rd5 Ra4 42. f3 Rb4 43. Kg3 Rb6 44. e5+ Ke6 45. Rd2 Ra6 46. Kf2 Kf5 47. Rd4 Ra2+ 48. Kg3 Ra6 49. Rd6 Rxd6 50. exd6 Ke6 51. f5+ 1/2-1/2

[Event "SLO-ch U14"]
[Site "Bled"]
[Date "2015.02.24"]
[Round "6"]
[White "Ahtik, Stas"]
[Black "Ceh Breznik, Lovro"]
[Result "1/2-1/2"]
[WhiteElo "1450"]
[BlackElo "1431"]
[PlyCount "113"]
[EventDate "2015.02.21"]
[EventType "swiss"]
[EventRounds "9"]
[EventCountry "SLO"]
[SourceTitle "EXT 2023"]
[Source "ChessBase"]
[SourceDate "2022.10.05"]
[SourceVersion "1"]
[SourceVersionDate "2022.10.05"]
[SourceQuality "1"]

1. d4 d5 2. c4 c6 3. Nc3 Nf6 4. Nf3 Bf5 5. Bf4 e6 6. e3 Bd6 7. Bxd6 Qxd6 8. c5 Qc7 9. Bd3 Bxd3 10. Qxd3 0-0 11. 0-0 Nbd7 12. b4 e5 13. Qc2 Rfe8 14. a4 e4 15. Nd2 Ng4 16. g3 Re6 17. h3 Nxe3 18. Qc1 Nxf1 19. Nxf1 a6 20. a5 Rae8 21. Ne3 Rh6 22. Kg2 Rf6 23. Ne2 g5 24. Ng4 Rg6 25. Qd2 f5 26. Nh2 Nf6 27. Ra3 Nh5 28. Rb3 f4 29. Kh1 fxg3 30. fxg3 Rf8 31. Kg2 Qf7 32. Qe1 Rf6 33. Ng4 Re6 34. Re3 Qg7 35. Ng1 Nf6 36. Nh2 h5 37. Rc3 Qf7 38. Qd2 Nh7 39. Qe1 e3 40. Rxe3 Rfe8 41. Rxe6 Rxe6 42. Qd2 Qf5 43. Qf2 Qxf2+ 44. Kxf2 Nf6 45. Ngf3 Ne4+ 46. Kg2 Kg7 47. g4 h4 48. Ne5 Nd2 49. Kf2 Nc4 50. Nhf3 Nxe5 51. Nxe5 Rf6+ 52. Ke2 Rf4 53. Nf3 Kf6 54. Ke3 Re4+ 55. Kd2 Rf4 56. Ke3 Re4+ 57. Kd2 1/2-1/2

[Event "Ptuj Chess Academy op 1st"]
[Site "Ptuj"]
[Date "2015.01.24"]
[Round "3"]
[White "Ceh Breznik, Lovro"]
[Black "Vidovic, Bojan"]
[Result "0-1"]
[WhiteElo "1434"]
[BlackElo "1479"]
[PlyCount "50"]
[EventDate "2015.01.23"]
[EventType "swiss"]
[EventRounds "5"]
[EventCountry "SLO"]
[SourceTitle "CBM 164 Extra"]
[Source "ChessBase"]
[SourceDate "2015.03.02"]
[SourceVersion "1"]
[SourceVersionDate "2015.03.02"]
[SourceQuality "1"]

1. e4 e5 2. Nf3 Nc6 3. d4 d6 4. Bb5 Bd7 5. Nc3 Nf6 6. 0-0 a6 7. Bxc6 Bxc6 8. Re1 Nd7 9. d5 Bb5 10. a4 Bc4 11. b3 Bxd5 12. Nxd5 c6 13. Nc3 Be7 14. Be3 0-0 15. Qd2 f5 16. Bg5 f4 17. Bxe7 Qxe7 18. Rad1 Rf6 19. Rf1 Raf8 20. Qe2 Rg6 21. g3 h5 22. Nh4 Qxh4 23. Rd3 Qh3 24. Rf3 h4 25. Qd3 Nf6 0-1

[Event "Ptuj Chess Academy op 1st"]
[Site "Ptuj"]
[Date "2015.01.24"]
[Round "2"]
[White "Cvetko, Branko"]
[Black "Ceh Breznik, Lovro"]
[Result "1-0"]
[WhiteElo "1655"]
[BlackElo "1434"]
[PlyCount "35"]
[EventDate "2015.01.23"]
[EventType "swiss"]
[EventRounds "5"]
[EventCountry "SLO"]
[SourceTitle "CBM 164 Extra"]
[Source "ChessBase"]
[SourceDate "2015.03.02"]
[SourceVersion "1"]
[SourceVersionDate "2015.03.02"]
[SourceQuality "1"]

1. e4 e6 2. Nf3 d5 3. Nc3 c5 4. d4 Nf6 5. Bg5 Be7 6. exd5 Nxd5 7. Nxd5 exd5 8. Bb5+ Nc6 9. Qe2 f6 10. Bf4 0-0 11. dxc5 Bxc5 12. 0-0 Re8 13. Qd2 a6 14. Ba4 Be6 15. Rfe1 Bf7 16. c3 Bd6 17. Rxe8+ Bxe8 18. Qxd5+ 1-0